| 000 | 00839nam a22002417a 4500 | ||
|---|---|---|---|
| 005 | 20100806114130.0 | ||
| 010 | _aENG-98334 | ||
| 020 |
_a8189985051 _c75.00 |
||
| 020 |
_a9788189985059 _c75.00 |
||
| 035 | _aEN-81867 | ||
| 037 | _bDBAD/PUB | ||
| 082 | _a880.8 | ||
| 100 |
_aPalani, N. _97445 |
||
| 245 |
_aThe women in Shashi Deshpande's novels / _cby N. Palani |
||
| 260 |
_aChennai _bMayura Books _c2009 |
||
| 270 |
_aNo. 12/1, East Mada Street, Mylapore _bChennai _e600004 |
||
| 300 |
_a77p. _c20cm (pbk) |
||
| 500 | _aincludes bibliographical references | ||
| 650 |
_awoman as literary characters _97446 |
||
| 650 |
_aLiterature _97447 |
||
| 942 |
_2ddc _cEN _h880.8 _mPAL |
||
| 999 |
_c39652 _d39652 |
||